00855nam a2200241Ia 4500003000400000005001700004008004100021020001500062040001800077041000800095082001800103100003000121245006800151250001200219260004100231300002500272650003500297650003800332650003600370942002700406999001900433952016100452OSt20241024090358.0210716s2003 xx 000 0 und d a8178292246 cAIMIT LIBRARY aeng a519 21bWEIP aWeiglin, Peter C.9183070 aBasic math for management professionals : cBy Peter C Weiglin. a1st ed. aNew Delhi :bResponse Books ,c2003. ax,128p. ;bPBc25 cm aAn economics excursion9183071 aPricing and profitability9183072 aCosts and profitability9183073 2ddccBKe1stk519 WEIP c199322d199322 00102ddc40708MBAaAIMITbAIMITd2005-08-25g220.00iBill no:2005/CRB/0001116; Bill dl0o519 WEIPpMBA01887r2026-05-23 00:00:00v176.00w2021-07-16yBK